000 03034nam0a2200409 4500
001 RU\NLR\BIBL_A\022689752
005 20260305133241.0
010 _a978-5-238-04092-9
_9500
021 _aRU
_bКН-П-25-062997
_9КН-П-25-6099
035 _a(NLR Aleph) 022689752
090 _a13556059
_c13556059
100 _a20251217d2025 u y0rusy50 ca
101 0 _arus
102 _aRU
105 _ay z 010zy
181 0 _ai4
_baxxe
182 0 _an
200 1 _aТипологии права и правосознания
_eконцептуальное единство и многообразие
_eмонография. Научная специальность 5.1.1 "Теоретико-исторические правовые науки"
_f[В. П. Малахов - доктор юридических наук, кандидат философских наук, профессор, Н. Д. Эриашвили - доктор экономических наук, кандидат юридических наук, кандидат исторических наук, профессор, А. А. Абдуразаков - кандидат юридических наук, доцент и др.]
_gпод общей редакцией доктора юридических наук, кандидата философских наук, профессора, заслуженного работника высшей школы РФ В. П. Малахова, кандидата исторических наук, кандидата юридических наук, доктора экономических наук, профессора, лауреата премии Правительства РФ в области образования Н. Д. Эриашвили
203 _aТекст
_bвизуальный
_cнепосредственный
205 _a2-е изд., перераб. и доп.
210 _aМосква
_cЮНИТИ-ДАНА, Закон и право
_d2025
215 _a631 с.
_d22
225 1 _aСерия научных изданий Теоретико-исторические правовые дисциплины
300 _aАвт. указаны на 6-й с.
300 _aНа обл.: 2-е изд.
300 _aНа тит. с.: К 80-летию Победы в Великой Отечественной войне
320 _aБиблиогр. в подстроч. примеч.
606 1 _aПраво
_xТеория
_2nlr_sh1
_2nlr_sh2
_3RU\NLR\AUTH\66130636
606 1 _aПравосознание
_2nlr_sh1
_2nlr_sh2
_3RU\NLR\AUTH\66720100
686 1 _aХ062.003
701 1 _aМалахов
_bВ. П.
_f1947-
_gВалерий Петрович
_3RU\NLR\AUTH\7754805
701 1 _aЭриашвили
_bН. Д.
_f1960-
_gНодари Дарчоевич
_3RU\NLR\AUTH\7728378
_4070
701 1 _aАбдуразаков
_bА. А.
_gАхмед Абдурахманович
942 _cBOOK
980 _aNB